[Event "Caribean-chT Blitz 24th"]
[Site "San Salvador"]
[Date "2023.07.06"]
[Round "6.2"]
[White "Palacios, Celina Maria"]
[Black "Gonzalez Peguero, Mary Loly"]
[Result "1-0"]
[WhiteElo "1797"]
[BlackElo "1793"]
[PlyCount "89"]
[EventDate "2023.07.06"]
[EventType "tourn (blitz)"]
[EventRounds "15"]
[EventCountry "ESA"]
[SourceTitle "CBM 215 Extra"]
[Source "ChessBase"]
[SourceDate "2023.09.30"]
[SourceVersion "1"]
[SourceVersionDate "2023.09.30"]
[SourceQuality "1"]
[WhiteTeam "El Salvador"]
[BlackTeam "Dominican Republic"]
[WhiteTeamCountry "ESA"]
[BlackTeamCountry "DOM"]

1. e4 d6 2. d4 Nf6 3. Nc3 c6 4. f3 g6 5. Be3 Bg7 6. Qd2 b5 7. g4 0-0 8. 0-0-0 b4 9. Nb1 a5 10. h4 h5 11. gxh5 Nxh5 12. Ne2 Nd7 13. Nf4 Ndf6 14. Nxh5 Nxh5 15. Rg1 Be6 16. d5 cxd5 17. exd5 Bf5 18. Bd3 Bxd3 19. Qxd3 Qc7 20. Rg5 Rac8 21. c3 Qc4 22. Qxc4 Rxc4 23. Bd4 Bh6 24. Nd2 Bxg5 25. hxg5 Rcc8 26. Ne4 bxc3 27. bxc3 Nf4 28. Kd2 Rb8 29. c4 Rfc8 30. Rh1 Nh5 31. Kd3 Rb4 32. Ng3 Rcxc4 33. Ba1 Rh4 34. Rc1 Rb8 35. Ne4 Nf4+ 36. Ke3 Nxd5+ 37. Kf2 Nf4 38. Rc7 Nd3+ 39. Ke3 Nc5 40. Nxc5 dxc5 41. Rxc5 Rb1 42. Bd4 e5 43. Bxe5 Re1+ 44. Kf2 Reh1 45. Rc8+ 1-0

[Event "Caribean-chT Blitz 24th"]
[Site "San Salvador"]
[Date "2023.07.06"]
[Round "4.2"]
[White "Palacios, Celina Maria"]
[Black "Wijnhard, Joelle"]
[Result "1-0"]
[WhiteElo "1797"]
[BlackElo "1294"]
[PlyCount "55"]
[EventDate "2023.07.06"]
[EventType "tourn (blitz)"]
[EventRounds "15"]
[EventCountry "ESA"]
[SourceTitle "CBM 215 Extra"]
[Source "ChessBase"]
[SourceDate "2023.09.30"]
[SourceVersion "1"]
[SourceVersionDate "2023.09.30"]
[SourceQuality "1"]
[WhiteTeam "El Salvador"]
[BlackTeam "Surinam"]
[WhiteTeamCountry "ESA"]
[BlackTeamCountry "SUR"]

1. e4 c5 2. Nf3 d6 3. d4 cxd4 4. Qxd4 Nc6 5. Qe3 Bd7 6. h3 g6 7. c4 Bg7 8. Nc3 Nf6 9. Be2 0-0 10. 0-0 a6 11. Rd1 Qc7 12. Rb1 Ne5 13. b3 Bc6 14. Bb2 Rfd8 15. Rbc1 Qd7 16. Nxe5 Qe8 17. Nxc6 bxc6 18. Na4 c5 19. Bf3 Nd7 20. Bxg7 Kxg7 21. e5 Nxe5 22. Bxa8 Rxa8 23. Nb6 Rb8 24. Nd5 Kg8 25. f4 Nc6 26. Re1 Rb7 27. Nf6+ exf6 28. Qxe8+ 1-0

[Event "Caribean-chT Rapid 24th"]
[Site "San Salvador"]
[Date "2023.07.04"]
[Round "7.2"]
[White "Otazo Sanchez, Annyd Gabriela"]
[Black "Palacios, Celina Maria"]
[Result "0-1"]
[WhiteElo "1890"]
[BlackElo "1664"]
[PlyCount "102"]
[EventDate "2023.07.03"]
[EventType "tourn (rapid)"]
[EventRounds "15"]
[EventCountry "ESA"]
[SourceTitle "CBM 215 Extra"]
[Source "ChessBase"]
[SourceDate "2023.09.30"]
[SourceVersion "1"]
[SourceVersionDate "2023.09.30"]
[SourceQuality "1"]
[WhiteTeam "Venezuela"]
[BlackTeam "El Salvador"]
[WhiteTeamCountry "VEN"]
[BlackTeamCountry "ESA"]

1. e4 c5 2. d4 g6 3. Nf3 Bg7 4. Be2 cxd4 5. Nxd4 Nc6 6. Nxc6 bxc6 7. 0-0 Nf6 8. Nc3 d6 9. Be3 0-0 10. f4 Qa5 11. Bf3 Rb8 12. Rb1 Ba6 13. Re1 Qc7 14. Qd2 e5 15. fxe5 dxe5 16. Qf2 Rb7 17. Red1 Rfb8 18. b3 Bf8 19. Na4 Rb4 20. Nc5 Bxc5 21. Bxc5 Nxe4 22. Bxe4 Rxe4 23. Bd6 Qb7 24. Bxb8 Qxb8 25. Qf6 Qb6+ 26. Kh1 Rd4 27. Rxd4 Qxd4 28. Qxc6 Be2 29. c4 Bd3 30. Rg1 Be4 31. Qc8+ Kg7 32. Qg4 Qe3 33. Qg3 Qd4 34. Qe1 f5 35. Qe2 Bd3 36. Qd2 e4 37. Qb4 e3 38. Qe7+ Kh6 39. c5 Be4 40. Qh4+ Kg7 41. c6 Qc5 42. Qf4 e2 43. Qc7+ Kh6 44. Qf4+ Kg7 45. Qc7+ Kh6 46. Qf4+ Kg7 47. Qd2 Qf2 48. Qe1 Bxg2+ 49. Rxg2 Qxe1+ 50. Rg1 Qxg1+ 51. Kxg1 e1Q+ 0-1

[Event "Caribean-chT Rapid 24th"]
[Site "San Salvador"]
[Date "2023.07.04"]
[Round "8.2"]
[White "Palacios, Celina Maria"]
[Black "Johnson, Adaya"]
[Result "1-0"]
[WhiteElo "1664"]
[BlackElo "1344"]
[PlyCount "79"]
[EventDate "2023.07.03"]
[EventType "tourn (rapid)"]
[EventRounds "15"]
[EventCountry "ESA"]
[SourceTitle "CBM 215 Extra"]
[Source "ChessBase"]
[SourceDate "2023.09.30"]
[SourceVersion "1"]
[SourceVersionDate "2023.09.30"]
[SourceQuality "1"]
[WhiteTeam "El Salvador"]
[BlackTeam "Trinidad and Tobago"]
[WhiteTeamCountry "ESA"]
[BlackTeamCountry "TRI"]

1. e4 e5 2. Nf3 Nc6 3. Bc4 Nf6 4. d3 Be7 5. Bb3 d6 6. c3 Bg4 7. Nbd2 0-0 8. h3 Bxf3 9. Nxf3 d5 10. Qe2 dxe4 11. dxe4 Qd7 12. 0-0 Rad8 13. Bc2 Bc5 14. b4 Bd6 15. Rd1 Rfe8 16. Nh4 g6 17. Bg5 Qe7 18. Qf3 Kg7 19. Qe3 a5 20. a3 b5 21. Bh6+ Kg8 22. Bg5 Kg7 23. Bd3 Rb8 24. Bh6+ Kg8 25. Bg5 Kg7 26. Be2 Qe6 27. Bh6+ Kg8 28. Rd2 Bf8 29. Bg5 Bg7 30. Rad1 axb4 31. axb4 Bf8 32. Bxf6 Qxf6 33. Nf3 Qe6 34. Rd5 f6 35. Bxb5 Rbc8 36. Bc4 Rcd8 37. Rxd8 Rxd8 38. Bxe6+ Kh8 39. Rxd8 Nxd8 40. Bb3 1-0

[Event "Caribean-chT Rapid 24th"]
[Site "San Salvador"]
[Date "2023.07.04"]
[Round "10.2"]
[White "Palacios, Celina Maria"]
[Black "Wijnhard, Joelle"]
[Result "1-0"]
[WhiteElo "1664"]
[BlackElo "1311"]
[PlyCount "62"]
[EventDate "2023.07.03"]
[EventType "tourn (rapid)"]
[EventRounds "15"]
[EventCountry "ESA"]
[SourceTitle "CBM 215 Extra"]
[Source "ChessBase"]
[SourceDate "2023.09.30"]
[SourceVersion "1"]
[SourceVersionDate "2023.09.30"]
[SourceQuality "1"]
[WhiteTeam "El Salvador"]
[BlackTeam "Surinam"]
[WhiteTeamCountry "ESA"]
[BlackTeamCountry "SUR"]

1. e4 c5 2. Nf3 d6 3. d4 cxd4 4. Qxd4 Nc6 5. Qe3 g6 6. h3 Bg7 7. Be2 Nf6 8. 0-0 0-0 9. Rd1 Qc7 10. c4 Nd7 11. Nc3 e6 12. Nb5 Qb6 13. Nxd6 Qxe3 14. Bxe3 Nf6 15. Rab1 e5 16. b4 Be6 17. b5 Na5 18. a4 Ne8 19. c5 Nxd6 20. cxd6 b6 21. Ng5 Bd7 22. Rbc1 h6 23. Rc7 Rfd8 24. Nf3 Kh7 25. g4 g5 26. h4 f6 27. hxg5 hxg5 28. Kg2 Kg6 29. Nd2 Be6 30. Nc4 Nxc4 31. Bxc4 Bxc4 1-0

[Event "Pan American-ch U20 Girls"]
[Site "San Salvador"]
[Date "2015.07.19"]
[Round "6"]
[White "Ramirez Gonzalez, Maria Jose"]
[Black "Palacios, Celina Maria"]
[Result "1-0"]
[WhiteElo "1736"]
[BlackElo "1617"]
[PlyCount "99"]
[EventDate "2015.07.16"]
[EventType "tourn"]
[EventRounds "9"]
[EventCountry "ESA"]
[SourceTitle "EXT 2016"]
[Source "ChessBase"]
[SourceDate "2015.10.08"]
[SourceVersion "1"]
[SourceVersionDate "2015.10.08"]
[SourceQuality "1"]

1. d4 Nf6 2. Nf3 g6 3. Bf4 Bg7 4. h3 d6 5. e3 0-0 6. Be2 c5 7. Nbd2 Nbd7 8. 0-0 b6 9. c3 Bb7 10. a4 a5 11. Qb1 Rc8 12. Bh2 e5 13. dxe5 dxe5 14. Bxe5 Nxe5 15. Nxe5 Qe7 16. Nef3 Nd5 17. Re1 Rcd8 18. Qc2 Rfe8 19. Nc4 Qc7 20. Rad1 f5 21. Qb3 Kh8 22. Bd3 Bf6 23. e4 fxe4 24. Bxe4 Qf4 25. Bb1 Qc7 26. Be4 Qf4 27. g3 Qc7 28. Bxd5 Rxe1+ 29. Nxe1 Bxd5 30. Qxb6 Qc8 31. Qxf6+ Kg8 32. Nb6 Rf8 33. Nxc8 Rxf6 34. Rxd5 Kf8 35. Rxc5 Kg7 36. Rxa5 Re6 37. Nd3 Re8 38. Nd6 Rf8 39. Rd5 Ra8 40. a5 Ra6 41. Nc5 Rc6 42. b4 Kh6 43. b5 Rc7 44. b6 Re7 45. b7 Rxb7 46. Ndxb7 Kg7 47. a6 Kh6 48. a7 Kg7 49. a8Q Kh6 50. Qf8# 1-0

[Event "Pan American-ch U20 Girls"]
[Site "San Salvador"]
[Date "2015.07.17"]
[Round "3"]
[White "Palacios, Celina Maria"]
[Black "Ortez, Andrea"]
[Result "1-0"]
[WhiteElo "1617"]
[BlackElo "1671"]
[PlyCount "63"]
[EventDate "2015.07.16"]
[EventType "tourn"]
[EventRounds "9"]
[EventCountry "ESA"]
[SourceTitle "EXT 2016"]
[Source "ChessBase"]
[SourceDate "2015.10.08"]
[SourceVersion "1"]
[SourceVersionDate "2015.10.08"]
[SourceQuality "1"]

1. e4 c5 2. b3 d6 3. Bb2 e5 4. Nc3 g6 5. h4 h6 6. f4 Bg7 7. Qf3 exf4 8. 0-0-0 Ne7 9. Qxf4 Be5 10. Qf3 Nbc6 11. Bc4 0-0 12. Nge2 a6 13. Rdf1 Be6 14. Nd5 Bxd5 15. Bxd5 Nxd5 16. exd5 Bxb2+ 17. Kxb2 Ne5 18. Qe3 Kg7 19. h5 g5 20. Ng3 Re8 21. Nf5+ Kh7 22. Qe4 b5 23. Nxd6+ Kh8 24. Nxe8 Qxe8 25. Re1 f6 26. Rhf1 Qe7 27. d6 Qd8 28. Rf5 Ra7 29. Rxe5 fxe5 30. Qxe5+ Kg8 31. Qe6+ Kg7 32. Qg6+ 1-0

[Event "Managua Sub zt 2.3.2 (Women)"]
[Site "Managua"]
[Date "2014.04.28"]
[Round "2"]
[White "Palacios, Celina Maria"]
[Black "Gonzalez, Yaribeth"]
[Result "1-0"]
[WhiteElo "1623"]
[BlackElo "1840"]
[PlyCount "93"]
[EventDate "2014.04.27"]
[EventType "swiss"]
[EventRounds "9"]
[EventCountry "NCA"]
[SourceTitle "EXT 2016"]
[Source "ChessBase"]
[SourceDate "2015.10.08"]
[SourceVersion "1"]
[SourceVersionDate "2015.10.08"]
[SourceQuality "1"]

1. e4 e5 2. Nf3 Nc6 3. Bc4 d6 4. c3 Nh6 5. d3 Qf6 6. Bg5 Qg6 7. h4 Bg4 8. Qb3 Kd7 9. Bxh6 Bxf3 10. Bg5 Bxe4 11. Bxf7 Qf5 12. dxe4 Qxe4+ 13. Be3 Be7 14. Bd5 Qg6 15. Qxb7 Na5 16. Qa6 c6 17. Bf3 e4 18. h5 Qf5 19. Be2 Rhb8 20. b4 Nb7 21. Rh3 Nd8 22. Rg3 Ne6 23. Bg4 Qd5 24. Bxe6+ Kxe6 25. Rxg7 Qxh5 26. Qc4+ Qd5 27. Qxd5+ cxd5 28. Rxh7 a5 29. bxa5 Rxa5 30. Bd4 Bg5 31. Rh8 Rb2 32. c4 Rbxa2 33. cxd5+ Kf7 34. Rxa2 Rxa2 35. Nc3 Bd2+ 36. Kf1 Bxc3 37. Bxc3 Rc2 38. Bb4 Rc4 39. Bxd6 Rd4 40. Rh5 Kg6 41. Re5 Ra4 42. Ke2 Ra6 43. Re6+ Kf5 44. Re5+ Kf6 45. Bc7 Ra2+ 46. Ke3 Ra3+ 47. Kxe4 1-0